| 000 | 01001nam a2200253Ia 4500 | ||
|---|---|---|---|
| 003 | IN-BaIIA | ||
| 008 | 211028s9999 xx 000 0 eng d | ||
| 020 | _a3-540-10710-X | ||
| 040 | _cIIA Library | ||
| 080 |
_a521.131(082.2) _bREC |
||
| 111 |
_aConference Recent Progress in Many-Body Theories _n2nd _cMexico _d1981 Jan. 12-17 _913176 |
||
| 245 | 0 |
_aRecent progress in many-body theories _bproceedings of the second international conference held at Oaxtepec, Mexico, January 12-17, 1981 _cedited by J. G. Zabolitzky…[et al.] |
|
| 260 |
_aBerlin _bSpringer-Verlag _c1981 |
||
| 300 | _aviii, 479p. | ||
| 490 | _aLectures notes in physics; v. 142 | ||
| 650 | _aAstronomy and astrophysics thesaurus | ||
| 650 | _aCelestial mechanics | ||
| 650 |
_aMany body theories _913177 |
||
| 700 |
_aClark, J.W., ed. _913178 |
||
| 700 |
_ade llano, M., ed. _913179 |
||
| 700 |
_aFortes, M., ed. _913180 |
||
| 700 |
_aZabolitzky, J. G., ed. _913181 |
||
| 942 | _cBK | ||
| 999 |
_c7805 _d7805 |
||